[Event "FRA-chT2S 9900"]
[Site "France"]
[Date "2000.01.16"]
[Round "6"]
[White "Sereno, Philippe"]
[Black "Relea, Nicolas"]
[Result "1-0"]
[WhiteElo "2062"]
[BlackElo "2144"]
[PlyCount "71"]
[EventDate "1999.01.15"]
[EventType "team-tourn"]
[EventRounds "7"]
[EventCountry "FRA"]
[SourceTitle "EXT 2002"]
[Source "ChessBase"]
[SourceDate "2001.11.25"]
[SourceVersion "1"]
[SourceVersionDate "2001.11.25"]
[SourceQuality "1"]

1. e4 d5 2. exd5 Qxd5 3. Nc3 Qa5 4. d4 Nf6 5. Nf3 Bg4 6. Bc4 e6 7. h3 Qh5 8. Qe2 Bxf3 9. gxf3 Bb4 10. Bd2 Nc6 11. Bb5 a6 12. Bxc6+ bxc6 13. 0-0-0 Qa5 14. Qc4 Kd7 15. Ne4 Bxd2+ 16. Rxd2 Nd5 17. a3 Qb5 18. Nc5+ Ke7 19. Qa2 Qa5 20. Re1 Rhe8 21. c4 Nf6 22. Re5 Qb6 23. Qb1 Rad8 24. Rd3 Qa7 25. Qc2 Nd7 26. Nxd7 Rxd7 27. Qd2 Red8 28. Qb4+ Ke8 29. Rc5 Rxd4 30. Rxd4 Rxd4 31. Rxc6 Rd8 32. Rc5 Rb8 33. Qa4+ Kf8 34. b4 Rb6 35. Qd7 Rd6 36. Qc8+ 1-0

[Event "FRA-chT2S 9798"]
[Site "France"]
[Date "1998.??.??"]
[Round "7"]
[White "Janotta, Patrick"]
[Black "Relea, Nicolas"]
[Result "0-1"]
[WhiteElo "2165"]
[BlackElo "2100"]
[PlyCount "52"]
[EventDate "1997.??.??"]
[EventType "team-tourn"]
[EventRounds "9"]
[EventCountry "FRA"]
[SourceTitle "EXT 2003"]
[Source "ChessBase"]
[SourceDate "2002.11.25"]
[SourceVersion "1"]
[SourceVersionDate "2002.11.25"]
[SourceQuality "1"]

1. e4 Nc6 2. d4 d5 3. exd5 Qxd5 4. Nf3 e5 5. Nc3 Bb4 6. Bd2 Bxc3 7. Bxc3 e4 8. Ne5 Nxe5 9. dxe5 Ne7 10. Be2 Be6 11. 0-0 0-0-0 12. Qe1 Nc6 13. f4 Nd4 14. Bxd4 Qxd4+ 15. Kh1 f5 16. Rd1 Qc5 17. c3 Rxd1 18. Qxd1 Rd8 19. Qa4 Qe3 20. Bc4 Bxc4 21. Qxc4 Qd3 22. Qe6+ Kb8 23. Kg1 e3 24. Qe7 e2 25. Re1 Qe3+ 26. Kh1 Qd2 0-1